Vấn đề bảo hộ quyền sở hữu của nhà đầu tư nước ngoài tại Việt Nam

Saved in:
Bibliographic Details
Main Author: Nguyễn, Thường Lạng
Format: Book
Language:Undetermined
Published: Hà Nội Lý luận chính trị 2005
Subjects:
Tags: Add Tag
No Tags, Be the first to tag this record!
Institutions: Trung tâm Học liệu Trường Đại học Cần Thơ
LEADER 00652nam a2200193Ia 4500
001 CTU_104466
008 210402s9999 xx 000 0 und d
082 |a 341.752 
082 |b L106 
100 |a Nguyễn, Thường Lạng 
245 0 |a Vấn đề bảo hộ quyền sở hữu của nhà đầu tư nước ngoài tại Việt Nam 
245 0 |c Nguyễn Thường Lạng 
260 |a Hà Nội 
260 |b Lý luận chính trị 
260 |c 2005 
650 |a Investments, foreign 
650 |x Law and legislation 
904 |i Vương 
980 |a Trung tâm Học liệu Trường Đại học Cần Thơ